Introduction to financial accounting (Record no. 168246)

MARC details
000 -LEADER
fixed length control field 00371nam a2200145Ia 4500
008 - FIXED-LENGTH DATA ELEMENTS--GENERAL INFORMATION
fixed length control field 230917s9999||||xx |||||||||||||| ||und||
040 ## - CATALOGING SOURCE
-- 58350
Original cataloging agency VIVEKANANDA LIBRARY
041 ## - Language
-- English
082 ## - DDC NUMBER
Classification number 657.48 M139I
100 ## - MAIN ENTRY--PERSONAL NAME
Personal name McCullers, Levis D
245 #0 - TITLE STATEMENT
Title Introduction to financial accounting
260 ## - PUBLICATION, DISTRIBUTION, ETC. (IMPRINT)
Place of publication, distribution, etc Los Angeles
Name of publisher, distributor, etc Melville
Date of publication, distribution, etc 1975
300 ## - PHYSICAL DESCRIPTION
Pages xxvi, 419 p.
942 ## - ADDED ENTRY ELEMENTS (KOHA)
Koha item type Books
Holdings
Withdrawn status Lost status Damaged status Not for loan Location (home branch) Sublocation or collection (holding branch) Date acquired Koha issues (times borrowed) Koha full call number Accession No. Koha date last seen Koha item type
        VIVEKANANDA LIBRARY VIVEKANANDA LIBRARY 27/12/2002   657.48 M139I 31234 17/09/2023 Books
© Designed and Maintained by Vivekananda Library, MDU Rohtak